Códigos de ética del servicio social

Salvato in:
Dettagli Bibliografici
Autore principale: Grazziosi, Laura (Autore)
Natura: Libro
Lingua:spagnolo
Pubblicazione: Buenos Aires Hvmanitas 1978
Serie:Colección Desarrollo Social, 22
Soggetti:
Tags: Aggiungi Tag
Nessun Tag, puoi essere il primo ad aggiungerne!!

MARC

LEADER 00000nam a2200000 a 4500
001 UCQ2069
003 CL-VaPUC
008 980721e19780000AG |||||||||||||||||spa|d
082 0 4 |a 361  |b GRA  |2 21 
100 0 |a Grazziosi, Laura  |e author  |9 415949 
245 1 0 |a Códigos de ética del servicio social 
300 |a 221 
942 |c BK 
945 |d 19980721 00:00:00  |a crobeson 
260 |a Buenos Aires  |b Hvmanitas  |c 1978 
650 0 |a Servicio social  |9 307999 
650 0 |a Etica profesional   |9 255694 
650 0 |a Trabajo social   |9 307856 
650 0 |a Ética  |9 255099 
650 7 |a DEONTOLOGIA  |2 CL-VaPUC  |9 327933 
583 |a last modification  |c 19980721 00:00:00  |k Rodrigo Vera 
490 0 |a Colección Desarrollo Social, 22 
999 |c 272911  |d 272909 
952 |0 0  |1 0  |4 0  |6 361_000000000000000_GRA_1978  |7 0  |8 A  |9 308127  |a BIBGIM  |b BIBGIM  |d 2019-11-20  |i 1435663  |o 361 GRA 1978  |p 1435663  |r 2025-01-15  |w 2019-11-20  |y BK  |k SSL